| 000 | 00672nam a2200193 a 4500 | ||
|---|---|---|---|
| 005 | 20240919063732.0 | ||
| 008 | 991125s1973 mx 000 0 spa u | ||
| 035 | _aUPN01000005316 | ||
| 049 | _aCG | ||
| 050 | 4 |
_aHD330 B3 _bB3.2 |
|
| 100 | 1 | _aBarbosa Ramírez, A. René | |
| 245 | 1 | 3 |
_aEl Bajío : _buso de los recursos / _cA. René Barbosa-Ramírez ; pról. Ramón Fernández y Fernández. |
| 260 |
_aMéxico : _bCentro de Investigaciones Agrarias, _c1973. |
||
| 300 | _a117 p. | ||
| 440 | 0 |
_aEstudios sobre tenencia y uso de la tierra ; _v5 |
|
| 650 | 4 |
_aTENENCIA DE LA TIERRA - _zBAJIO, EL (REGION) |
|
| 651 | 4 |
_aMéxico _xCondiciones económicas _95661 |
|
| 905 | _aLibro | ||
| 999 |
_c5316 _d5316 |
||